00723nam a2200193 a 450000100100000000500170001000800410002702000300006802000300009804000250012808200150015310000380016824500890020626000480029530000280034359000280037195201130039999900170051200002054520240229074003.0100810s2012 dr a 000 0 spa d a9789993467755 (rústico) a9789993467762 (tapa dura) aDO-SdBNPbspacBNPHU axxxbS127b1 a Sáez , José Luisd1937-9620 0aBreve historia del colegio de Belén :bvolumen 2, 1961-2012 /cJosé Luis Sáez. aSanto Domingo :, :bAmigo del Hogar,c2012. a346 p. :bil. ;c25 cm. aInventariado, 2020 / DG 0010718PDaPDbPDcHDd2020-03-06iLF1l0oxxx S127bp20545-10r2020-06-25w2020-06-25yLFPDZNo se presta c20049d20049